|
|
|
|
| LEADER |
01400nam a22002657a 4500 |
| 001 |
AAL7880 |
| 003 |
BD-DhAAL |
| 005 |
20160219190040.0 |
| 008 |
160219m20111989bg ||||| b||| 00| 0 ben d |
| 020 |
|
|
|a 9847015601836
|
| 040 |
|
|
|a BD-DhAAL
|c BD-DhAAL
|
| 082 |
|
|
|a 891.4437
|
| 100 |
|
|
|a আহমেদ, হুমায়ূন
|9 18069
|
| 245 |
|
|
|a মুক্তিযুদ্ধের উপন্যাসসমগ্র /
|c হুমায়ূন আহমেদ
|
| 260 |
|
|
|a ঢাকা :
|b মাওলা ব্রাদার্স,
|c ২০১১
|
| 300 |
|
|
|a ৭৮৩ পৃ. ;
|c ২২ সে.মি.
|
| 504 |
|
|
|6 Includes bibliographies
|
| 541 |
|
|
|e 7880
|
| 651 |
|
|
|a Bangladesh
|x History
|x Fiction.
|y Revolution, 1971
|9 18068
|
| 852 |
|
|
|a Savar Campus Library
|c General Shelf
|
| 942 |
|
|
|2 ddc
|c BK
|
| 999 |
|
|
|c 36890
|d 36890
|
| 952 |
|
|
|0 0
|1 0
|2 ddc
|4 0
|6 891_443700000000000_AHM
|7 0
|9 58074
|a SCL
|b SCL
|c GEN
|d 2016-02-19
|g 650.00
|l 18
|m 36
|o 891.4437 AHM
|p 3020007880
|r 2025-08-13
|s 2025-08-11
|t 1
|w 2016-02-19
|y BK
|
| 952 |
|
|
|0 0
|1 0
|2 ddc
|4 0
|6 891_443700000000000_AHM
|7 0
|9 59585
|a SCL
|b SCL
|c GEN
|d 2016-08-31
|g 650.00
|l 19
|m 46
|o 891.4437 AHM
|p 3020007881
|r 2024-04-03
|s 2024-03-23
|t 2
|w 2016-08-31
|y BK
|
| 952 |
|
|
|0 0
|1 0
|2 ddc
|4 0
|6 891_443700000000000_AHM
|7 0
|9 65459
|a BRACUL
|b BRACUL
|c GEN
|d 2019-05-09
|e রকমারি.com
|g 733.00
|l 11
|m 137
|o 891.4437 AHM
|p 3010034507
|r 2026-01-12
|s 2025-04-13
|t 3
|v 733.00
|w 2019-05-09
|y BK
|